| 000 | 00674cam a2200193 i 4500 | ||
|---|---|---|---|
| 005 | 20251209091917.0 | ||
| 008 | 250721s2013 jo gr 000 0 ara d | ||
| 020 | _a9789957570170 | ||
| 082 | 1 | 4 |
_a216.124 _bن ا ب |
| 100 | 1 |
_aالنابلسي، محمد راتب _eمؤلف. |
|
| 245 | 1 | 0 |
_aمقومات التكليف / _cالدكتور محمد راتب النابلسي. |
| 250 | _aالطبعة الأولى. | ||
| 264 | 3 | 1 |
_aعمان : _bمؤسسة الفرسان للنشر والتوزيع، _c2013. |
| 300 | _a156 صفحة. | ||
| 650 | 1 | 7 | _aالفقه الاسلامي. |
| 650 | 1 | 7 | _aالخلافة. |
| 942 |
_2ddc _cBK |
||
| 999 |
_c133573 _d133573 |
||